Managing waste effectively (Record no. 80890)

MARC details
000 -LEADER
fixed length control field 00951cab a22002055a 4500
001 - CONTROL NUMBER
control field L145599
008 - FIXED-LENGTH DATA ELEMENTS--GENERAL INFORMATION
fixed length control field 081024s2008 xxko f 000 0 eng d
035 ## - SYSTEM CONTROL NUMBER
System control number (Sirsi) u145599
041 0# - LANGUAGE CODE
Language code of text/sound track or separate title eng
100 1# - MAIN ENTRY--PERSONAL NAME
Personal name Mantle, Simon
245 00 - TITLE STATEMENT
Title Managing waste effectively
260 ## - PUBLICATION, DISTRIBUTION, ETC.
Date of publication, distribution, etc. 2008
490 ## - SERIES STATEMENT
Series statement Housebuilder
Volume/sequential designation 67 (9) October 2008, 45-46 (2)
520 ## - SUMMARY, ETC.
Summary, etc. Develops the issues raised by Site Waste Management Plan (SWMP). This legal requirement is applicable since April 2008 for all construction and demolition projects of more than £300,000. Details the different steps of a SWMP, the information to be included in it, and its benefits. Reports that the National House-Building Council offers advice, support and training for those involved in a project.
590 ## - LOCAL NOTE (RLIN)
Local note KA
650 24 - SUBJECT ADDED ENTRY--TOPICAL TERM
Topical term or geographic name entry element SITE WASTE MANAGEMENT PLANS REGULATIONS 2008
651 #4 - SUBJECT ADDED ENTRY--GEOGRAPHIC NAME
Geographic name United Kingdom
Chronological subdivision
690 ## - LOCAL SUBJECT ADDED ENTRY--TOPICAL TERM (OCLC, RLIN)
Topical term or geographic name as entry element ENVIRONMENTAL AND LAND CONSULTANCY-WASTE MANAGEMENT
942 ## - ADDED ENTRY ELEMENTS (KOHA)
Suppress in OPAC 0
Holdings
Withdrawn status Lost status Source of classification or shelving scheme Damaged status Not for loan Home library Current library Shelving location Date acquired Total Checkouts Full call number Barcode Date last seen Copy number Price effective from Koha item type
    Dewey Decimal Classification     London London Journal article 24/10/2008   L145599 145599-1001 06/08/2019 1 06/08/2019 Journal article